| 000 | 00574nam a22001937a 4500 | ||
|---|---|---|---|
| 999 |
_c15375 _d15375 |
||
| 003 | AR-CdUCM | ||
| 008 | 190426b ||||| |||| 00| 0 spa d | ||
| 020 | _a84-241-8332-0 | ||
| 040 |
_aMUNICIPALIDAD PROVINCIAL DEL CUSCO _cBIBLIOTECA MUNICIPAL DEL CUSCO |
||
| 082 |
_aPI / 803 / _bE96 |
||
| 110 |
_aEditorial Everest _933952 |
||
| 245 | _aHalvor y el oso / | ||
| 260 |
_aEspaƱa : _bEverest, _c2005. |
||
| 300 |
_c17 cm. _eIlustraciones, |
||
| 440 |
_aLeyendas del mundo _934159 |
||
| 650 |
_aLiteratura infantil _9588 |
||
| 942 |
_2ddc _cLIBROS |
||
| 945 |
_arah _d26/04/2019 |
||